000 00258nam a2200097Ia 4500
008 230508s1999 xx 000 0 und d
041 _aeng
100 _aKNOWLES OF ERJAVEC
245 _aMEDIUM HEAVY DUTY TRUCK STCARING SUSPENSION
260 _bDELMAR PUB
_c1999
999 _c739112
_d739112